Russia and Ukraine (Record no. 5794)

MARC details
000 -LEADER
fixed length control field 00517nam a22001937i 4500
001 - CONTROL NUMBER
control field 6156
003 - CONTROL NUMBER IDENTIFIER
control field OSt
005 - DATE AND TIME OF LATEST TRANSACTION
control field 20180910131150.0
008 - FIXED-LENGTH DATA ELEMENTS--GENERAL INFORMATION
fixed length control field 161220s1999 au ||||| |||| 00| 00eng d
024 7# - OTHER STANDARD IDENTIFIER
Standard number or code 6156
Source of number or code RID
024 7# - OTHER STANDARD IDENTIFIER
Standard number or code 6156
Source of number or code RSN (alt)
040 ## - CATALOGING SOURCE
Transcribing agency OSt
041 ## - LANGUAGE CODE
Language code of text/sound track or separate title eng
100 1# - MAIN ENTRY--PERSONAL NAME
Personal name Eichler, Maya
245 00 - TITLE STATEMENT
Title Russia and Ukraine
Remainder of title Constructing National Interests
260 ## - PUBLICATION, DISTRIBUTION, ETC.
Place of publication, distribution, etc. Wien :
Name of publisher, distributor, etc. Österreichisches Institut für Internationale Politik (OIIP),
Date of publication, distribution, etc. 1999.
490 ## - SERIES STATEMENT
Series statement OIIP - Arbeitspapier
Volume/sequential designation 23
942 ## - ADDED ENTRY ELEMENTS (KOHA)
Koha item type Paper
Holdings
Withdrawn status Lost status Damaged status Not for loan Home library Current library Shelving location Date acquired Inventory number Total Checkouts Barcode Date last seen Price effective from Koha item type
        WIIW WIIW Library 08/04/2004 6156   10001631 01/26/2017 01/26/2017 Paper
The Vienna Instiute for International Economic Studies (wiiw)